| 000 | 00000nam##2200000za#4500 |
| 001 | 9.615932 |
| 003 | CaOODSP |
| 005 | 20201118084526 |
| 007 | ta |
| 008 | 150406|2002||||xxc||||| f|0| 0 eng|d |
| 020 | |a0-662-31923-0 |
| 040 | |aCaOODSP|beng |
| 043 | |an-cn--- |
| 086 | 1 |aH113-12/2002-1E |
| 110 | 1 |aCanada. |bPest Management Regulatory Agency. |
| 245 | 10|aPersonal insect repellents containing DEET (N,N-diethyl-m-toluamide and related compounds) |
| 260 | |aOttawa - Ontario : |bHealth Canada. |c2002. |
| 300 | |a40p. : |btables ; |c28 cm. |
| 490 | 1 |aRe-evaluation decision document |vRRD 2002-01 |
| 563 | |aSoftcover |
| 590 | |a02-19|b2002-05-10 |
| 690 | 07|aInsecticides|2gcpds |
| 690 | 07|aParasites|2gcpds |
| 775 | 08|tInsectifuges corporels contenant du DEET (N,N-diéthyl-m-toluamide et composés apparentés) |w(CaOODSP)9.625907 |
| 776 | 0#|tPersonal insect repellents containing DEET (N,N-diethyl-m-toluamide and related compounds) |w(CaOODSP)9.558111 |
| 830 | #0|aRe-evaluation decision document ;|vRRD 2002-01|w(CaOODSP)9.514693 |